000 00508nam a2200181Ia 4500
999 _c16479
_d16479
003 OSt
005 20231220123057.0
008 190216s9999||||xx |||||||||||||| ||und||
020 _a8171500838
040 _cMESKC library
082 _a891.433
_bMIS/A
100 _aMishra, Ramadarash
_9197
245 0 _aApane Log /
_cRamdarash Mishra
260 _bIndraprasad Prakashan,
_c2006.
_aDelhi:
300 _a368p
650 _aHindi
942 _cBK
_2ddc
_h891.433
_iMIS/A
_k891.433
_mMIS/A